00315cam a22001097a 4500008004000000082001200040100002100052245007900073260002800152300001000180650001500190180718b1988 xxu||||| |||| 00| 0 eng d aI5 G638 aGoodworth, Clive aSecrets of successful leadership and people managementcby Clive Goodworth aOxfordbHeinemannc1988 a128p. aManagement